01758cam a2200505 i 4500001001300000005001700013006001900030007001500049008004100064020001500105020001800120020001800138020001500156020001500171020001800186040001200204041000800216082001900224245004700243260003900290300005700329338002000386504005100406650002000457650002200477650003200499650004300531650005100574650005800625650004600683650004800729650003100777650005100808653007700859700003200936710006000968710007101028710003801099852000701137856006101144904001201205905001301217942000701230999001501237ocn60788732520250205130742.0m o d cr un||||a|a||100418s1979 nyua ob 001 0 eng d a1299555292 a9781299555297 z9780127182605 z0127182608 z0125187505 z9780125187503 aKObeng0 aeng04a574.5/263621800aMarine pollution :bfunctional responses / aNew York :bAcademic Press,c1979. a1 online resource (xiii, 454 pages) :billustrations aonline resource aIncludes bibliographical references and index. 0aMarine ecology. 0aMarine pollution. 0aMarine animalsxPhysiology. 6aPollution marine.0(CaQQLa)201-0005872 7amarine pollution.2aat0(CStmoGRI)aat300055356 7aMarine animalsxPhysiology.2fast0(OCoLC)fst01009404 7aMarine ecology.2fast0(OCoLC)fst01009513 7aMarine pollution.2fast0(OCoLC)fst01009826 7aPoluicao Marinha.2larpcal 7aPoluicao Marinha (Efeitos Biologicos)2larpcal aMarine ecosystemsaEffects of pollution of oceans Conference proceedings1 aVernberg, Winona B.,d1924-2 aUniversity of South Carolina.bSchool of Public Health.2 aBelle W. Baruch Institute for Marine Biology and Coastal Research.2 aNortheast Fisheries Center (U.S.) aKO uhttps://www.sciencedirect.com/science/book/9780127182605 aRUDRA_R aR_RANJAN cEB c3349d3349